<?xml version="1.0" encoding="UTF-8"?>
<record
    xmlns:xsi="http://www.w3.org/2001/XMLSchema-instance"
    xsi:schemaLocation="http://www.loc.gov/MARC21/slim http://www.loc.gov/standards/marcxml/schema/MARC21slim.xsd"
    xmlns="http://www.loc.gov/MARC21/slim">

  <leader>01722nam a22002417a 4500</leader>
  <controlfield tag="005">20230308112958.0</controlfield>
  <controlfield tag="008">230306b             ||||| |||| 00| 0 eng d</controlfield>
  <datafield tag="020" ind1=" " ind2=" ">
    <subfield code="a">9789351480709</subfield>
  </datafield>
  <datafield tag="040" ind1=" " ind2=" ">
    <subfield code="c">AL</subfield>
  </datafield>
  <datafield tag="041" ind1=" " ind2=" ">
    <subfield code="a">English</subfield>
  </datafield>
  <datafield tag="082" ind1=" " ind2=" ">
    <subfield code="2">23</subfield>
    <subfield code="a">201.65</subfield>
    <subfield code="b">PANI</subfield>
  </datafield>
  <datafield tag="100" ind1=" " ind2=" ">
    <subfield code="a">Kuruvilla Pandikattu </subfield>
    <subfield code="9">74587</subfield>
  </datafield>
  <datafield tag="245" ind1=" " ind2=" ">
    <subfield code="a">Insights from Reason and Religion : In Arrangement with Financial Chronicle</subfield>
  </datafield>
  <datafield tag="260" ind1=" " ind2=" ">
    <subfield code="a">New Delhi</subfield>
    <subfield code="b">Christian World Imprints</subfield>
    <subfield code="c">2015</subfield>
  </datafield>
  <datafield tag="300" ind1=" " ind2=" ">
    <subfield code="a">229 p.</subfield>
    <subfield code="b">PB</subfield>
    <subfield code="c">21x14 cm.</subfield>
  </datafield>
  <datafield tag="365" ind1=" " ind2=" ">
    <subfield code="a">02302</subfield>
    <subfield code="c">&#x20B9;</subfield>
    <subfield code="d">&#x20B9;390.00</subfield>
    <subfield code="f">1-12-2022</subfield>
  </datafield>
  <datafield tag="440" ind1=" " ind2=" ">
    <subfield code="a">My Sacred Bull -2</subfield>
    <subfield code="9">74166</subfield>
  </datafield>
  <datafield tag="520" ind1=" " ind2=" ">
    <subfield code="a">Today more and more people are getting convinced that the future humanity depends on how science and religion can collaborate with each other. This book contains short articles on reason (science) and religion (spirituality) meant for a general audience, who may or may not be organisationally religious. They are meant to inspire a band of young and old women and men to think deeply about themselves, leading to deeper insights and wisdom. It is the author's conviction that genuine spirituality is open-ended and reaches to the other in love and compassion. Open-minded and visionary, these articles are meant to touch the daily life of busy people who are fully involved in the struggle and success of daily life. So, the articles are limited to 625 words. They attempt to enhance the precious and vulnerable life by reaching out to others. It assumes that only when we can maintain the healthy tension between the spiritual and material aspects of life, we become more authentic.</subfield>
  </datafield>
  <datafield tag="650" ind1=" " ind2=" ">
    <subfield code="a">Religion and Science</subfield>
    <subfield code="9">74167</subfield>
  </datafield>
  <datafield tag="650" ind1=" " ind2=" ">
    <subfield code="a">Spiritualism</subfield>
    <subfield code="9">74168</subfield>
  </datafield>
  <datafield tag="700" ind1=" " ind2=" ">
    <subfield code="a">PANDIKATTU (Kuruvilla )</subfield>
    <subfield code="9">74169</subfield>
  </datafield>
  <datafield tag="942" ind1=" " ind2=" ">
    <subfield code="2">ddc</subfield>
    <subfield code="c">BK</subfield>
  </datafield>
  <datafield tag="999" ind1=" " ind2=" ">
    <subfield code="c">226892</subfield>
    <subfield code="d">226892</subfield>
  </datafield>
  <datafield tag="952" ind1=" " ind2=" ">
    <subfield code="0">0</subfield>
    <subfield code="1">0</subfield>
    <subfield code="2">ddc</subfield>
    <subfield code="4">0</subfield>
    <subfield code="7">0</subfield>
    <subfield code="8">OTH</subfield>
    <subfield code="a">AL</subfield>
    <subfield code="b">AL</subfield>
    <subfield code="d">2023-03-02</subfield>
    <subfield code="e">Papal Seminary Pune  Maharashtra 411014</subfield>
    <subfield code="g">390.00</subfield>
    <subfield code="l">0</subfield>
    <subfield code="o">201.65 PANI</subfield>
    <subfield code="p">076451</subfield>
    <subfield code="r">2023-03-06 00:00:00</subfield>
    <subfield code="v">390.00</subfield>
    <subfield code="w">2023-03-06</subfield>
    <subfield code="y">BK</subfield>
  </datafield>
</record>
